00317nam a2200121Ia 4500008004100000020001500041041001200056100001700068245005300085260003500138300000800173650001400181221030s9999 xx 000 0 und d a8121928842 aEnglish aY. R. Sharma 0aElementary Organic Spectroscopycby Y. R. Sharma bS. Chand & CoaNew Delhic2009 a356 aChemistry